Agriculture, the country side and land use: An economic critique / (Record no. 7708)
[ view plain ]
| 000 -LEADER | |
|---|---|
| fixed length control field | 00460cam a2200169ua 4500 |
| 020 ## - INTERNATIONAL STANDARD BOOK NUMBER | |
| ISBN | 0-416-31830-4 |
| 041 ## - LANGUAGE CODE | |
| Language code of text/sound track or separate title | eng |
| 082 ## - DEWEY DECIMAL CLASSIFICATION NUMBER | |
| Classification number | 630.209 |
| Item number | BOW/AG |
| 100 ## - MAIN ENTRY--AUTHOR NAME | |
| Personal name | Bowers, J.K. |
| 245 ## - TITLE STATEMENT | |
| Title | Agriculture, the country side and land use: An economic critique / |
| 260 ## - PUBLICATION, DISTRIBUTION, ETC. (IMPRINT) | |
| Place of publication | London : |
| Name of publisher | Methuen and Co. Ltd , |
| Year of publication | 1983. |
| 300 ## - PHYSICAL DESCRIPTION | |
| Number of Pages | 169 ; . |
| 700 1# - ADDED ENTRY--PERSONAL NAME | |
| Personal name | Cheshire, Paul . |
| 942 ## - ADDED ENTRY ELEMENTS (KOHA) | |
| Koha item type | Books |
| Withdrawn status | Lost status | Damaged status | Home library | Current library | Date acquired | Full call number | Accession Number | Koha item type |
|---|---|---|---|---|---|---|---|---|
| KAUAET | KAUAET | 07/04/2012 | 630.209 | 15883 | Books |
